[Event "Mallorca-chT Primera"]
[Site "Palma de Mallorca"]
[Date "2012.02.25"]
[Round "4.5"]
[White "Navarrete Abraham, Jorge"]
[Black "Torrejon Rodriguez, Daniel"]
[Result "0-1"]
[WhiteElo "1898"]
[BlackElo "1946"]
[PlyCount "69"]
[EventDate "2012.01.28"]
[EventType "team"]
[EventRounds "9"]
[EventCountry "ESP"]
[SourceTitle "EXT 2014"]
[Source "ChessBase"]
[SourceDate "2013.11.20"]
[SourceVersion "1"]
[SourceVersionDate "2013.11.20"]
[SourceQuality "1"]

1. e4 d5 2. exd5 Nf6 3. Bb5+ Bd7 4. Bc4 Bg4 5. f3 Bc8 6. Nc3 Nbd7 7. a4 Nb6 8. Bb5+ Bd7 9. Nge2 Nbxd5 10. d4 g6 11. Nxd5 Nxd5 12. c4 c6 13. cxd5 cxb5 14. axb5 Bg7 15. 0-0 Bxb5 16. Kh1 0-0 17. Re1 Bxe2 18. Qxe2 Qxd5 19. Qxe7 Bxd4 20. Rd1 Qe5 21. Qb4 Rfe8 22. h3 Bc5 23. Qxb7 Rad8 24. Bd2 Qe2 25. Qc6 Rc8 26. Qa4 Red8 27. Bc3 Qf2 28. Qa5 Re8 29. Rf1 Qg3 30. Be1 Qe5 31. f4 Qxb2 32. Bc3 Qb6 33. Qa2 Bd4 34. Ba5 Qf6 35. Bc3 0-1

[Event "Mallorca-chT Primera"]
[Site "Palma de Mallorca"]
[Date "2012.02.18"]
[Round "3.1"]
[White "Perez Gandesa, Jose Antonio"]
[Black "Torrejon Rodriguez, Daniel"]
[Result "0-1"]
[WhiteElo "1911"]
[BlackElo "1946"]
[PlyCount "72"]
[EventDate "2012.01.28"]
[EventType "team"]
[EventRounds "9"]
[EventCountry "ESP"]
[SourceTitle "EXT 2014"]
[Source "ChessBase"]
[SourceDate "2013.11.20"]
[SourceVersion "1"]
[SourceVersionDate "2013.11.20"]
[SourceQuality "1"]

1. d4 Nf6 2. Bg5 g6 3. Bxf6 exf6 4. e3 Bg7 5. Bd3 0-0 6. Ne2 Re8 7. Nd2 f5 8. c3 b6 9. Nf4 Bb7 10. Nf3 d6 11. h4 Nd7 12. Qb3 Nf6 13. h5 d5 14. hxg6 hxg6 15. 0-0-0 Ne4 16. Qc2 Qd6 17. Nh4 Bf6 18. Nf3 Kg7 19. Rh3 Rh8 20. Rdh1 c5 21. Qe2 Rxh3 22. Rxh3 c4 23. Bc2 b5 24. Nh4 Rh8 25. Bxe4 Bxh4 26. Bc2 b4 27. cxb4 Qxb4 28. Bxf5 gxf5 29. Nh5+ Rxh5 30. Qxh5 Qe1+ 31. Kc2 Qxf2+ 32. Kc3 Qe1+ 33. Kc2 Qf2+ 34. Kc3 Qf1 35. Qxh4 Qc1+ 36. Kb4 Qxb2+ 0-1

[Event "Mallorca-chT Primera"]
[Site "Palma de Mallorca"]
[Date "2012.02.11"]
[Round "2.5"]
[White "Vallespir Salor, Gabriel"]
[Black "Torrejon Rodriguez, Daniel"]
[Result "1-0"]
[WhiteElo "2094"]
[BlackElo "1946"]
[PlyCount "71"]
[EventDate "2012.01.28"]
[EventType "team"]
[EventRounds "9"]
[EventCountry "ESP"]
[SourceTitle "EXT 2014"]
[Source "ChessBase"]
[SourceDate "2013.11.20"]
[SourceVersion "1"]
[SourceVersionDate "2013.11.20"]
[SourceQuality "1"]

1. c4 Nf6 2. Nf3 g6 3. Nc3 Bg7 4. d4 d6 5. e3 0-0 6. Bd3 Nbd7 7. 0-0 e5 8. Qc2 Re8 9. b3 b6 10. Bb2 Bb7 11. dxe5 dxe5 12. e4 Nc5 13. Rad1 Nfd7 14. Be2 Ne6 15. Nd5 c5 16. b4 Nd4 17. Bxd4 exd4 18. bxc5 bxc5 19. Rb1 Bc6 20. Bd3 Rb8 21. Qd2 Bxd5 22. exd5 Qc7 23. a4 Rxb1 24. Rxb1 Rb8 25. Rxb8+ Qxb8 26. g3 Qb3 27. Qc2 Qb4 28. Qe2 Kf8 29. Ng5 Qxa4 30. Nxh7+ Kg8 31. Ng5 Ne5 32. Ne4 Qb4 33. d6 f5 34. Ng5 Bf6 35. d7 Qb8 36. f4 1-0

[Event "Mallorca-chB"]
[Site "Palma de Mallorca"]
[Date "2011.12.10"]
[Round "7"]
[White "Fiol Company, Juan"]
[Black "Torrejon Rodriguez, Daniel"]
[Result "1/2-1/2"]
[WhiteElo "1982"]
[BlackElo "1932"]
[PlyCount "124"]
[EventDate "2011.10.29"]
[EventType "swiss"]
[EventRounds "8"]
[EventCountry "ESP"]
[SourceTitle "EXT 2014"]
[Source "ChessBase"]
[SourceDate "2013.11.20"]
[SourceVersion "1"]
[SourceVersionDate "2013.11.20"]
[SourceQuality "1"]

1. e4 d5 2. exd5 Nf6 3. d4 Nxd5 4. c4 Nb6 5. Nf3 Bg4 6. Be2 Nc6 7. Be3 e6 8. 0-0 Be7 9. Nc3 0-0 10. b3 Bf6 11. Ne4 Bxf3 12. Nxf6+ Qxf6 13. Bxf3 Rfd8 14. Bxc6 bxc6 15. Qh5 Qe7 16. Rad1 Rd7 17. Rd2 a5 18. Qf3 c5 19. dxc5 Rxd2 20. cxb6 Rdd8 21. b7 Ra6 22. c5 c6 23. Rd1 Rb8 24. Rd6 Qxb7 25. Qd1 Raa8 26. Rd7 Qxd7 27. Qxd7 Rd8 28. Qd6 Rxd6 29. cxd6 Kf8 30. Bc5 Ke8 31. Kf1 Kd7 32. Ke2 f6 33. Kd3 e5 34. Kc4 Ke6 35. a4 f5 36. Ba3 Rd8 37. Bc5 g5 38. b4 axb4 39. Bxb4 e4 40. a5 f4 41. Bc5 Ra8 42. Kb4 Kd5 43. d7 Rd8 44. a6 Rxd7 45. Bb6 Re7 46. a7 Re8 47. g3 fxg3 48. fxg3 h5 49. Be3 Ra8 50. Bc5 Ke6 51. Ka5 Kd7 52. Kb6 h4 53. Kb7 Rc8 54. a8Q Rxa8 55. Kxa8 Ke6 56. Kb7 Kd5 57. Kb6 hxg3 58. hxg3 g4 59. Be3 Kc4 60. Kxc6 Kd3 61. Bg1 Ke2 62. Kd5 Kf3 1/2-1/2

[Event "Mallorca-chB"]
[Site "Palma de Mallorca"]
[Date "2011.11.26"]
[Round "6"]
[White "Torrejon Rodriguez, Daniel"]
[Black "Fiol Abrines, Antonio"]
[Result "0-1"]
[WhiteElo "1932"]
[BlackElo "1960"]
[PlyCount "114"]
[EventDate "2011.10.29"]
[EventType "swiss"]
[EventRounds "8"]
[EventCountry "ESP"]
[SourceTitle "EXT 2014"]
[Source "ChessBase"]
[SourceDate "2013.11.20"]
[SourceVersion "1"]
[SourceVersionDate "2013.11.20"]
[SourceQuality "1"]

1. e4 g6 2. d4 Bg7 3. f4 d6 4. Nf3 Bg4 5. Be2 c5 6. d5 Nf6 7. Nc3 0-0 8. 0-0 Nbd7 9. Ng5 Bxe2 10. Qxe2 Ne8 11. Bd2 Nc7 12. f5 h6 13. Nh3 Ne5 14. fxg6 fxg6 15. Nf4 Qd7 16. h3 b5 17. Rae1 a5 18. Nd1 b4 19. Nd3 Kh7 20. Nxe5 Bxe5 21. Rxf8 Rxf8 22. Rf1 Qe8 23. Rxf8 Qxf8 24. Qf3 Qxf3 25. gxf3 Nb5 26. c3 g5 27. Kf2 Kg6 28. c4 Nc7 29. b3 Bd4+ 30. Be3 Ba1 31. Ke2 Ne8 32. Nf2 Nf6 33. Nd3 Nd7 34. f4 Kf6 35. Nf2 gxf4 36. Bxf4 h5 37. h4 Kg6 38. Bg5 Bf6 39. Bxf6 Kxf6 40. Nd3 Nf8 41. Nf4 Ke5 42. Ke3 e6 43. dxe6 Nxe6 44. Nxh5 Nd4 45. Ng3 Ne6 46. Nf5 Nf4 47. Kf3 Nd3 48. Ne7 Nc1 49. Nc6+ Kf6 50. Nxa5 Nxa2 51. Nb7 Nc1 52. Nxd6 Nxb3 53. Nb7 Nd4+ 54. Kf4 b3 55. e5+ Ke7 56. Nxc5 b2 57. Ke4 Ne6 0-1